Statistics for Top 15 Bundesliga Winter Transfers by Transfer Fee

Click here to take the quiz!

General Stats

  • This quiz has been taken 31 times
  • The average score is 5 of 15

Answer Stats

FeePlayerSeasonJoined% Correct
€32.00mAndré Schürrle14/15VfL Wolfsburg
68%
€22.00mKevin De Bruyne13/14VfL Wolfsburg
48%
€25.00mLucas Tousart19/20Hertha BSC
48%
€24.00mKrzysztof Piatek19/20Hertha BSC
44%
€29.00mDani Olmo19/20RB Leipzig
40%
€20.00mErling Haaland19/20Borussia Dortmund
40%
€36.00mDominik Szoboszlai20/21RB Leipzig
36%
€16.70mLeon Bailey16/17Bayer 04 Leverkusen
24%
€18.00mMatheus Cunha19/20Hertha BSC
24%
€19.00mAmadou Haidara18/19RB Leipzig
20%
€17.00mLuiz Gustavo10/11Bayern Munich
16%
€18.50mDayot Upamecano16/17RB Leipzig
12%
€20.20mEdmond Tapsoba19/20B. Leverkusen
12%
€17.00mExequiel Palacios19/20Bayer 04 Leverkusen
12%
€21.50mManuel Akanji17/18Borussia Dortmund
8%

Score Distribution

Percentile by Number Answered

Percent of People with Each Score

Your Score History

You have not taken this quiz